Загрузка...

An introduction to derivative securities, financial markets, and risk management

Библиографические подробности
Главные авторы: Jarrow, Robert A., Arkadev Chatterjea
Формат: Printed Book
Опубликовано: New Delhi Viva Books 2016
Предметы:
LEADER 00699nam a22001817a 4500
020 |a 978-81-309-2339-0 
082 |a 332.645 7  |b JAR/A 
100 |a Jarrow, Robert A.  |9 179651 
100 |a Arkadev Chatterjea  |9 179652 
245 |a An introduction to derivative securities, financial markets, and risk management 
260 |a New Delhi  |b Viva Books  |c 2016 
300 |a xxxiii+798+G1-E16 
650 |a Derivatives  |9 179653 
650 |a Financial markets  |9 179654 
650 |a Risk management  |9 179655 
942 |c BK 
999 |c 192162  |d 192158 
952 |0 0  |1 0  |4 0  |6 332_645000000000000_7_JAR_A  |7 0  |9 192986  |a SMBS  |b SMBS  |d 2019-03-11  |e Calicut Books, Calicut  |g 828.80  |l 0  |o 332.645 7 JAR/A  |p SMBS4936  |r 2019-07-01  |w 2019-07-01  |y BK